| 000 | 00446nam a2200193Ia 4500 | ||
|---|---|---|---|
| 005 | 20240823035052.0 | ||
| 008 | 240823s9999||||xx |||||||||||||| ||und|| | ||
| 020 | _a978-0-141-01301-5 | ||
| 041 | _aENGLISH | ||
| 082 | _A791.430233092 Q2 | ||
| 100 | _aMichael Moore | ||
| 245 | 0 | _aHere Comes Trouble | |
| 250 | _a1st | ||
| 260 |
_c2012 _b"Penguin Books,En" |
||
| 500 | _aYES | ||
| 650 |
_aNovel _bEnglish |
||
| 942 | _cBK | ||
| 999 |
_c199804 _d199804 |
||